[Event "It"]
[Site "masterchessopen.com Dhaka (Bangladesh)"]
[Round "8"]
[White "Malisauskas Vidmantas (LTU)"]
[Black "Lovlu Saifuddi (BAN)"]
[Result "1-0"]
[WhiteElo "2515"]
[BlackElo "2179"]

1.e4 c5 2.Nf3 Nc6 3.d4 cxd4 4.Nxd4 Nf6 5.Nc3 d6 6.Bg5 e6 7.Qd2 a6 8.O-O-O Bd7
9.f3 b5 10.Nxc6 Bxc6 11.Ne2 Qc7 12.Nd4 Bd7 13.Bxf6 gxf6 14.Kb1 Be7 15.f4 b4
16.Be2 Rb8 17.Bh5 a5 18.f5 O-O 19.Qh6 exf5 20.exf5 Bb5 21.Rhe1 Kh8 22.Bg6 fxg6
23.fxg6 Bd8 24.Qxf8# 1-0

[Event "It"]
[Site "masterchessopen.com Dhaka (Bangladesh)"]
[Round "10"]
[White "Plaskett Jim (ENG)"]
[Black "Lovlu Saifuddi (BAN)"]
[Result "1-0"]
[WhiteElo "2450"]
[BlackElo "2179"]

1.e4 c5 2.Nf3 Nc6 3.d4 cxd4 4.Nxd4 Nf6 5.Nc3 d6 6.Bg5 e6 7.Qd2 a6 8.O-O-O Bd7
9.f4 b5 10.Bxf6 gxf6 11.Nf3 b4 12.Ne2 a5 13.Ned4 Nxd4 14.Nxd4 Qb6 15.Kb1 a4
16.Bc4 Rc8 17.Qd3 Qc5 18.b3 Be7 19.Rhe1 Rg8 20.Re2 Kf8 21.f5 Qe5 22.Nf3 Qa5
23.fxe6 Bxe6 24.Bxe6 fxe6 25.e5 dxe5 26.Qxh7 Qc5 27.Nxe5 {#r} 1-0

[Event "Tournament"]
[Site "masterchessopen.com Edmonton (Canada)"]
[Round "5"]
[White "Brady Ficko"]
[Black "Ottosen David (CAN)"]
[Result "0-1"]
[WhiteElo "1910"]
[BlackElo "2133"]

1.e4 c5 2.Nf3 Nc6 3.d4 cxd4 4.Nxd4 Nf6 5.Nc3 d6 6.Bg5 e6 7.Qd2 a6 8.O-O-O Bd7
9.f4 b5 10.Bxf6 gxf6 11.f5 Ne5 12.Nf3 exf5 13.exf5 Bxf5 14.Qf4 Be6 15.Nd5 Ng4
16.Qb4 Bh6+ 17.Kb1 Nf2 18.Bxb5+ axb5 19.Qh4 Bxd5 20.Qxf2 Bxa2+ {#R} 0-1

[Event "It (open)"]
[Site "masterchessopen.com Eger (Hungary)"]
[Round "2"]
[White "Vereb Andras (HUN)"]
[Black "Anka Emil (HUN)"]
[Result "0-1"]
[WhiteElo "1925"]
[BlackElo "2430"]

1.e4 c5 2.Nf3 Nc6 3.d4 cxd4 4.Nxd4 Nf6 5.Nc3 d6 6.Bg5 e6 7.Qd2 a6 8.O-O-O Bd7
9.Nb3 b5 10.a3 Ne5 11.f4 Nc4 12.Bxc4 bxc4 13.Nd4 h6 14.Bh4 Qc7 15.f5 Be7
16.Rhe1 Qb7 17.Qe2 Rb8 18.fxe6 fxe6 19.Qxc4 Qxb2+ 20.Kd2 Kf7 21.Re3 Rhc8
22.Qf1 Kg8 23.Qf3 Qxa3 24.Ke2 Qb4 25.Kf2 Rxc3 {#R} 0-1

[Event "It"]
[Site "masterchessopen.com Fencible (New Zealand)"]
[Round "3"]
[White "Smith Robert W (NZL)"]
[Black "Green Ewen M (NZL)"]
[Result "1-0"]
[WhiteElo "2305"]
[BlackElo "2265"]

1.e4 c5 2.Nc3 Nc6 3.Nge2 d6 4.d4 cxd4 5.Nxd4 Nf6 6.Bg5 e6 7.Qd2 a6 8.O-O-O Bd7
9.f3 b5 10.Qe1 Be7 11.h4 O-O 12.g4 Nxd4 13.Rxd4 Qa5 14.e5 dxe5 15.Rxd7 Nxd7
16.Bxe7 Rfe8 17.Qe4 Rac8 18.Bd3 f5 19.Qb4 Qb6 20.gxf5 a5 21.Qd6 Qe3+ 22.Kb1
Nc5 23.Bxb5 Rxe7 24.Qxe7 exf5 25.Rd1 h6 26.Bc4+ Kh8 27.Rd8+ Kh7 28.Bg8+ Kh8
29.Be6+ {#r} 1-0

[Event "Bayern Landesliga South"]
[Site "masterchessopen.com Germany"]
[Round "2"]
[White "Nurbekoglu Michael (GER)"]
[Black "Fauth Dietmar Dr (GER)"]
[Result "0-1"]
[WhiteElo "2162"]
[BlackElo "2221"]

1.e4 c5 2.Nf3 Nc6 3.d4 cxd4 4.Nxd4 Nf6 5.Nc3 d6 6.Bg5 e6 7.Qd2 a6 8.O-O-O Bd7
9.f3 b5 10.Nxc6 Bxc6 11.Bd3 Be7 12.h4 h6 13.Be3 d5 14.Qf2 Qc7 15.exd5 Nxd5
16.Bd4 O-O 17.Kb1 e5 18.Nxd5 Bxd5 19.Be3 Qc6 20.Qg3 Qe6 21.b3 a5 22.Bf5 Qxf5
23.Rxd5 Rfc8 24.Qf2 a4 25.Bd4 axb3 26.axb3 Bf6 27.Bb2 Qe6 28.Rxb5 e4 29.Rb6
Bxb2 {#R} 0-1

[Event "Bundesliga 1996/97 (w)"]
[Site "masterchessopen.com Germany"]
[Round "0"]
[White "Grabarska Barbara (POL)"]
[Black "Wagner-Michel Annett (GER)"]
[Result "1-0"]
[WhiteElo "2235"]
[BlackElo "2169"]

1.e4 c5 2.Nf3 Nc6 3.d4 cxd4 4.Nxd4 Nf6 5.Nc3 d6 6.Bg5 e6 7.Qd2 a6 8.O-O-O Bd7
9.f4 b5 10.Nxc6 Bxc6 11.Qe3 Qb8 12.Bxf6 gxf6 13.Nd5 Bxd5 14.exd5 e5 15.fxe5
fxe5 16.Be2 h5 17.Kb1 Be7 18.Rhf1 Qa7 19.Qh3 h4 20.Qf5 Bd8 21.Bh5 Rf8 22.Qh7
Qe7 23.Rxf7 Rxf7 24.Rf1 Ra7 25.Rxf7 Qxf7 26.Qg8+ {#r} 1-0

[Event "It (open)"]
[Site "masterchessopen.com Hafnarfjordur (Iceland)"]
[Round "8"]
[White "Gunnarsson Jon Viktor (ISL)"]
[Black "Thorfinnsson Bragi (ISL)"]
[Result "1-0"]
[WhiteElo "2315"]
[BlackElo "2215"]

1.e4 c5 2.Nf3 d6 3.d4 cxd4 4.Nxd4 Nf6 5.Nc3 Nc6 6.Bg5 e6 7.Qd2 a6 8.O-O-O Bd7
9.f4 b5 10.Bxf6 gxf6 11.Nxc6 Bxc6 12.Bd3 Qb6 13.Rhe1 O-O-O 14.Kb1 b4 15.Ne2 d5
16.e5 Bc5 17.Nc1 f5 18.Nb3 Be7 19.Qe2 Bb7 20.g4 fxg4 21.Qxg4 a5 22.f5 a4
23.Nd4 Rdg8 24.Qf4 Bg5 25.Qf2 h5 26.Bb5 a3 27.bxa3 Be7 28.fxe6 bxa3 29.Re3
fxe6 30.Rc3+ Bc5 31.Nb3 {#r} 1-0

[Event "It (open)"]
[Site "masterchessopen.com Hamburg (Germany)"]
[Round "2"]
[White "McDonald James (ENG)"]
[Black "Mednis Edmar J (USA)"]
[Result "0-1"]
[WhiteElo "2015"]
[BlackElo "2405"]

1.e4 c5 2.Nf3 Nc6 3.d4 cxd4 4.Nxd4 Nf6 5.Nc3 d6 6.Bg5 e6 7.Qd2 a6 8.O-O-O Bd7
9.f4 b5 10.e5 dxe5 11.Nxc6 Bxc6 12.Qe1 Qc7 13.fxe5 Nd7 14.Qh4 Nxe5 15.Bd3 Be7
16.Rhe1 Nxd3+ 17.Rxd3 h6 18.Nd5 Bxg5+ 19.Qxg5 Bxd5 20.Qxd5 O-O 21.Qe5 Qxe5
22.Rxe5 Rfd8 23.Ra3 Rd6 24.Rxb5 Rad8 {#R} 0-1

[Event "Match (team)"]
[Site "masterchessopen.com Helsinki (Finland)"]
[Round "1"]
[White "Furhoff Johan (SWE)"]
[Black "Pulkkinen Kari (FIN)"]
[Result "0-1"]
[WhiteElo "2360"]
[BlackElo "2330"]

1.e4 c5 2.Nf3 d6 3.d4 cxd4 4.Nxd4 Nf6 5.Nc3 Nc6 6.Bg5 e6 7.Qd2 a6 8.O-O-O Bd7
9.f4 h6 10.Bxf6 Qxf6 11.Nf3 Qd8 12.Qe3 Be7 13.Kb1 Qc7 14.Bd3 b5 15.Rhe1 O-O
16.e5 dxe5 17.fxe5 b4 18.Ne4 Nxe5 19.Qf4 f6 20.Nxf6+ Bxf6 21.Nxe5 Bb5 22.Qg4
Bxe5 23.Qxe6+ Kh8 24.Bxb5 axb5 25.Rxe5 Rf6 26.Qd5 Rc8 27.Re2 Qc4 28.b3 Qxe2
{#R} 0-1

[Event "Ch Hungary (team) 1997/98"]
[Site "masterchessopen.com Hungary"]
[Round "0"]
[White "Videki Sandor (HUN)"]
[Black "Mann Gerald (HUN)"]
[Result "1-0"]
[WhiteElo "2440"]
[BlackElo "2275"]

1.e4 c5 2.Nf3 Nc6 3.d4 cxd4 4.Nxd4 Nf6 5.Nc3 d6 6.Bg5 e6 7.Qd2 a6 8.O-O-O Bd7
9.f4 b5 10.Bxf6 gxf6 11.Kb1 Qb6 12.Nxc6 Bxc6 13.Qe1 Be7 14.f5 Qc5 15.Bd3 Kd7
16.Rf1 Rag8 17.Rf2 Rg5 18.Ne2 e5 19.Nc1 Bd8 20.Nb3 Qa7 21.c4 Bc7 22.Rc2 Rb8
23.cxb5 Bxb5 24.Qc3 Ba4 25.Qc4 Bxb3 26.axb3 Rg7 27.Qc6+ Kd8 28.Rdc1 {#r} 1-0

[Event "Cup Russia (open)"]
[Site "masterchessopen.com Krasnodar (Russia)"]
[Round "3"]
[White "Kazarova Irina (RUS)"]
[Black "Petrushin Alexander I (RUS)"]
[Result "0-1"]
[WhiteElo "2175"]
[BlackElo "2425"]

1.e4 c5 2.Nf3 d6 3.d4 cxd4 4.Nxd4 Nf6 5.Nc3 a6 6.Bg5 Nc6 7.Qd2 e6 8.O-O-O Bd7
9.f3 b5 10.g4 Ne5 11.h4 h6 12.Be3 b4 13.Nb1 d5 14.exd5 Nxd5 15.Be2 Bc5 16.Nxe6
Bxe3 17.Nxd8 Rxd8 18.Bxa6 Bxd2+ 19.Rxd2 Be6 20.Rf1 g5 21.Re2 f6 22.a3 Kf7
23.h5 Nc7 24.Bd3 Nxd3+ 25.cxd3 Rxd3 26.axb4 Nd5 27.Rd2 Rc8+ 28.Nc3 Re3 {#R}
0-1

[Event "Ch Croatia (team) (1st league) (juniors)"]
[Site "masterchessopen.com Medulin (Croatia)"]
[Round "0"]
[White "Ladic Josip (CRO)"]
[Black "Zufic Zeljko (CRO)"]
[Result "1-0"]
[WhiteElo "2191"]
[BlackElo "2204"]

1.e4 c5 2.Nf3 Nc6 3.d4 cxd4 4.Nxd4 Nf6 5.Nc3 d6 6.Bg5 e6 7.Qd2 a6 8.O-O-O Bd7
9.f4 Qc7 10.Nf3 b5 11.Bd3 b4 12.Ne2 a5 13.f5 a4 14.Kb1 b3 15.cxb3 axb3 16.a3
Be7 17.Nf4 exf5 18.exf5 O-O 19.Rhe1 Kh8 20.Rc1 Qd8 21.Rc3 Na5 22.Rxe7 Qxe7
23.Nd5 Qd8 24.Bxf6 gxf6 25.Qh6 Rg8 26.Nxf6 Rg7 27.Ng5 Qe7 28.Ngxh7 {#r} 1-0

[Event "Ch Croatia (team) (2nd league)"]
[Site "masterchessopen.com Medulin (Croatia)"]
[Round "0"]
[White "Muslija Idris (CRO)"]
[Black "Bertok Mario (CRO)"]
[Result "0-1"]
[WhiteElo "2220"]
[BlackElo "2280"]

1.e4 c5 2.Nf3 Nc6 3.d4 cxd4 4.Nxd4 Nf6 5.Nc3 d6 6.Bg5 e6 7.Qd2 a6 8.O-O-O Bd7
9.Bc4 h6 10.Bh4 Nxe4 11.Nxe4 Qxh4 12.Rhe1 O-O-O 13.Qc3 Qf4+ 14.Re3 d5 15.Bxa6
Bb4 16.Bxb7+ Kxb7 17.Qb3 dxe4 18.Nxc6 Bxc6 19.Qxb4+ Kc8 20.Re1 Rd6 21.g3 Qe5
22.Rc3 Kd7 23.Rc4 Ra8 24.Qb3 Qa5 25.Rd1 Qg5+ 26.f4 exf3+ 27.Rf4 Rxd1+ 28.Kxd1
Qd5+ {#R} 0-1

[Event "It (open)"]
[Site "masterchessopen.com Muenster (Germany)"]
[Round "1"]
[White "Weidemann Christian (GER)"]
[Black "Gofshtein Zvulon (ISR)"]
[Result "1-0"]
[WhiteElo "2295"]
[BlackElo "2545"]

1.e4 c5 2.Nf3 d6 3.d4 cxd4 4.Nxd4 Nf6 5.Nc3 Nc6 6.Bg5 a6 7.Qd2 e6 8.O-O-O Bd7
9.Kb1 h6 10.Be3 Ng4 11.Nxc6 bxc6 12.Bf4 d5 13.Qe2 d4 14.Qxg4 dxc3 15.Bc4 Qb6
16.b3 Qxf2 17.Rxd7 Kxd7 18.Rd1+ Ke7 19.Rf1 Qa7 20.Bc7 Re8 21.Ba5 h5 22.Qf4 f6
23.Bxc3 Kd7 24.Rd1+ Kc8 25.Ba5 Bc5 26.Bxa6+ {#r} 1-0

[Event "It (open)"]
[Site "masterchessopen.com New York (USA)"]
[Round "5"]
[White "Shabalov Alexander (USA)"]
[Black "Lewis James E (DOM)"]
[Result "1-0"]
[WhiteElo "2585"]
[BlackElo "2222"]

1.e4 c5 2.Nf3 Nc6 3.d4 cxd4 4.Nxd4 Nf6 5.Nc3 d6 6.Bg5 e6 7.Qd2 a6 8.O-O-O Bd7
9.f3 Be7 10.h4 O-O 11.Kb1 b5 12.Nxc6 Bxc6 13.Ne2 Qb6 14.g4 Rfd8 15.Nd4 Be8
16.h5 Qb7 17.Bd3 a5 18.Qe1 a4 19.h6 a3 20.b3 Qb6 21.Ne2 Qc5 22.f4 d5 23.e5 Ne4
24.hxg7 Bxg5 25.fxg5 Nf2 26.Nd4 Kxg7 27.Qxf2 {#r} 1-0

[Event "It (open) \"]
[Site "masterchessopen.com Olanesti (Romania)"]
[Round "9"]
[White "Florescu Codrut (ROM)"]
[Black "Itkis Boris (ROM)"]
[Result "0-1"]
[WhiteElo "2390"]
[BlackElo "2495"]

1.e4 c5 2.Nf3 d6 3.d4 cxd4 4.Nxd4 Nf6 5.Nc3 Nc6 6.Bg5 e6 7.Qd2 a6 8.O-O-O Bd7
9.Kb1 b5 10.Nxc6 Bxc6 11.f3 h6 12.Be3 Qc7 13.Bd3 Be7 14.Qf2 Rb8 15.g4 b4
16.Ne2 d5 17.exd5 Nxd5 18.Bc1 a5 19.Ng3 Nc3+ 20.bxc3 bxc3+ 21.Ka1 Qb7 {#R} 0-1

[Event "Ch Russia (1/2 final)"]
[Site "masterchessopen.com Perm (Russia)"]
[Round "1"]
[White "Morozov Dmitry (RUS)"]
[Black "Filipenko Alexander V (RUS)"]
[Result "1-0"]
[WhiteElo "2378"]
[BlackElo "2380"]

1.e4 c5 2.Nf3 Nc6 3.d4 cxd4 4.Nxd4 Nf6 5.Nc3 d6 6.Bg5 e6 7.Qd2 a6 8.O-O-O Bd7
9.f4 b5 10.Bxf6 gxf6 11.Kb1 b4 12.Nce2 Qb6 13.g3 Rc8 14.Bh3 h5 15.Nf3 Na5
16.b3 Bc6 17.Ned4 Bxe4 18.Rhe1 Bxf3 19.Nxf3 Nc6 20.Qd3 Be7 21.Re2 Na7 22.Nd4
Rc3 23.Qe4 d5 24.Qg2 Nc8 25.Qh1 h4 26.Qg2 hxg3 27.hxg3 Rg8 28.Nxe6 Rgxg3
29.Qxd5 fxe6 30.Qh5+ Kf8 31.Bxe6 {#r} 1-0

[Event "It (open)"]
[Site "masterchessopen.com Portoroz (Slovenia)"]
[Round "7"]
[White "Sutovsky Emil (ISR)"]
[Black "Tratar Marko (SLO)"]
[Result "1-0"]
[WhiteElo "2590"]
[BlackElo "2395"]

1.e4 c5 2.Nf3 d6 3.d4 cxd4 4.Nxd4 Nf6 5.Nc3 Nc6 6.Bg5 e6 7.Qd2 a6 8.O-O-O Bd7
9.f3 Qa5 10.h4 Rc8 11.Kb1 Nxd4 12.Qxd4 Be7 13.g4 O-O 14.Qd2 Qc5 15.h5 b5
16.Be3 Qc7 17.g5 b4 18.Ne2 Ne8 19.Nd4 a5 20.g6 Bf6 21.Bh3 Qc4 22.Qh2 a4 23.Bf1
Qc7 24.Bd3 h6 25.Qd2 a3 26.e5 Bxe5 27.Bxh6 Bxd4 28.Bxg7 Bxg7 29.h6 Bc3 30.Qg5
f5 31.Qe7 {#r} 1-0

[Event "Ch Europe (team)"]
[Site "masterchessopen.com Pula (Croatia)"]
[Round "1"]
[White "Yilmaz Turhan (TUR)"]
[Black "Kozul Zdenko (CRO)"]
[Result "0-1"]
[WhiteElo "2390"]
[BlackElo "2605"]

1.e4 c5 2.Nf3 Nc6 3.d4 cxd4 4.Nxd4 Nf6 5.Nc3 d6 6.Bg5 e6 7.Qd2 a6 8.O-O-O Bd7
9.f3 Be7 10.h4 Rc8 11.g4 h5 12.gxh5 Nxh5 13.Rg1 Nxd4 14.Qxd4 Rc6 15.Qd2 g6
16.Ne2 e5 17.Nc3 Be6 18.Nd5 Bxd5 19.Qxd5 Bxg5+ 20.hxg5 Nf4 21.Qd2 Rh5 22.Kb1
Qb6 23.Bd3 Ke7 24.Rg3 Qc5 25.Bf1 Rc8 26.b4 Qb6 27.a3 a5 28.Kb2 axb4 29.axb4
Rh2 {#R} 0-1

[Event "Ch England (team) 1997/98"]
[Site "masterchessopen.com Telford (England)"]
[Round "1"]
[White "Plaskett Jim (ENG)"]
[Black "Bates Richard (ENG)"]
[Result "1-0"]
[WhiteElo "2450"]
[BlackElo "2345"]

1.e4 c5 2.Nf3 d6 3.d4 cxd4 4.Nxd4 Nf6 5.Nc3 a6 6.Bg5 Nc6 7.Qd2 e6 8.O-O-O Bd7
9.f4 h6 10.Bh4 g5 11.fxg5 Ng4 12.Nf3 hxg5 13.Bg3 Nce5 14.Nxg5 Bh6 15.Bf4 Ng6
16.g3 e5 17.Bc4 exf4 18.Nxf7 N4e5 19.Qxd6 Bf8 20.Qd5 Qf6 21.Nxh8 Nxh8 22.gxf4
Qxf4+ 23.Kb1 O-O-O 24.Rhf1 Qg5 25.Rxf8 {#r} 1-0

[Event "It (open)"]
[Site "masterchessopen.com Zadar (Croatia)"]
[Round "8"]
[White "Palac Mladen (CRO)"]
[Black "Fercec Nenad (CRO)"]
[Result "1-0"]
[WhiteElo "2575"]
[BlackElo "2450"]

1.e4 c5 2.Nf3 Nc6 3.d4 cxd4 4.Nxd4 Nf6 5.Nc3 d6 6.Bg5 e6 7.Qd2 a6 8.O-O-O Bd7
9.f4 b5 10.Bxf6 gxf6 11.Kb1 Qb6 12.Nxc6 Bxc6 13.Qe1 Ra7 14.f5 h5 15.Bd3 Qc5
16.fxe6 fxe6 17.Rf1 Bg7 18.Ne2 Rh6 19.c3 Rb7 20.Nf4 Qe5 21.Bc2 a5 22.Qd2 Rd7
23.Rfe1 b4 24.cxb4 axb4 25.Nd3 Qxh2 26.Nxb4 Bb5 27.a4 Bc4 28.Qd4 Rc7 29.Qb6
Qe5 30.Qxc7 f5 {#r} 1-0

[Event "It (open)"]
[Site "masterchessopen.com Zalakaros (Hungary)"]
[Round "2"]
[White "Gaber Jozsef (SLO)"]
[Black "Molnar Bela (HUN)"]
[Result "0-1"]
[WhiteElo "2068"]
[BlackElo "2395"]

1.e4 c5 2.Nf3 Nc6 3.d4 cxd4 4.Nxd4 Nf6 5.Nc3 d6 6.Bg5 Bd7 7.Qd2 a6 8.O-O-O e6
9.f4 b5 10.e5 dxe5 11.Nxc6 Bxc6 12.Qxd8+ Rxd8 13.Rxd8+ Kxd8 14.fxe5 h6 15.Bh4
g5 16.exf6 gxh4 17.Be2 Bxg2 18.Rd1+ Kc7 19.Bh5 Bd6 20.Bxf7 b4 21.Ne2 Rf8
22.Bxe6 Rxf6 23.Bg4 Bxh2 24.Rd4 Bd6 25.Rc4+ Kb6 26.c3 h3 {#R} 0-1

[Event "Ch Hessen (open) (seniors)"]
[Site "masterchessopen.com Bad Wildungen (Germany)"]
[Round "5"]
[White "Zunker Reinhard Dr (GER)"]
[Black "Jugow Alexander (GER)"]
[Result "1-0"]
[WhiteElo "2205"]
[BlackElo "2265"]

1.e4 c5 2.Nf3 Nc6 3.Nc3 d6 4.d4 cxd4 5.Nxd4 Nf6 6.Bg5 e6 7.Qd2 a6 8.O-O-O Bd7
9.f4 b5 10.a3 Qb6 11.Be2 b4 12.axb4 Nxb4 13.Nb3 a5 14.Qd4 Qb7 15.e5 Nfd5
16.Nxd5 exd5 17.exd6 Bxd6 18.Qxg7 Bf5 19.Rhe1 Be4 20.Qxh8+ Kd7 21.Bg4+ Kc7
22.Qf6 Qc6 23.Nd4 Na2+ 24.Kd2 Bb4+ 25.Ke3 Qc5 26.c3 Nxc3 27.bxc3 Bxc3 28.Qe7+
Qxe7 29.Bxe7 Bxe1 30.Rxe1 Re8 31.Rc1+ {#r} 1-0

[Event "Ch Belgium (team) 1997/98"]
[Site "masterchessopen.com Belgium"]
[Round "9"]
[White "Pelle Guillaume (FRA)"]
[Black "Van Herck Marcel (BEL)"]
[Result "1-0"]
[WhiteElo "2220"]
[BlackElo "2215"]

1.e4 c5 2.Nf3 Nc6 3.d4 cxd4 4.Nxd4 Nf6 5.Nc3 d6 6.Bg5 e6 7.Qd2 a6 8.O-O-O Bd7
9.Kb1 Be7 10.f3 Qc7 11.g4 O-O-O 12.Be3 h6 13.h4 Nxd4 14.Bxd4 Bc6 15.Qf2 Rd7
16.Bb6 Qb8 17.Bc4 Bd8 18.g5 Ne8 19.g6 Bxb6 20.Qxb6 Nc7 21.gxf7 Rf8 22.Qb3
Rfxf7 23.Bxe6 Nxe6 24.Qxe6 Rxf3 25.Rhg1 Rf6 26.Qg8+ Kc7 27.Qc4 Kd8 28.e5 dxe5
29.Qg8+ Kc7 30.Rxd7+ {#r} 1-0

[Event "It (open)"]
[Site "masterchessopen.com Bled (Slovenia)"]
[Round "8"]
[White "Samaritani Fabio (ITA)"]
[Black "Grosar Kiti (SLO)"]
[Result "1-0"]
[WhiteElo "2305"]
[BlackElo "2290"]

1.e4 c5 2.Nf3 d6 3.d4 cxd4 4.Nxd4 Nf6 5.Nc3 Nc6 6.Bg5 e6 7.Qd2 a6 8.O-O-O Bd7
9.f4 b5 10.Bxf6 gxf6 11.Kb1 Qb6 12.Nxc6 Bxc6 13.Qe1 Be7 14.f5 b4 15.Ne2 Bxe4
16.Ng3 Bd5 17.fxe6 fxe6 18.Rxd5 exd5 19.Nf5 Ra7 20.Qe6 Kd8 21.Bd3 Qc6 22.Re1
Qd7 23.Qxd5 Bf8 24.Nd4 Qb7 25.Qe6 Be7 26.Be4 Qd7 27.Qd5 Kc7 28.Qa5+ Kb8
29.Nc6+ {#r} 1-0

[Event "Ch World (juniors) (under 20)"]
[Site "masterchessopen.com Calicut (India)"]
[Round "4"]
[White "Nataf Igor-Alexandre (FRA)"]
[Black "Groetz Harald (AUT)"]
[Result "1-0"]
[WhiteElo "2485"]
[BlackElo "2225"]

1.e4 c5 2.Nf3 d6 3.d4 cxd4 4.Nxd4 Nf6 5.Nc3 Nc6 6.Bg5 e6 7.Qd2 a6 8.O-O-O Bd7
9.f4 b5 10.Bxf6 gxf6 11.Kb1 Qb6 12.Nxc6 Bxc6 13.Qe1 Be7 14.Bd3 Qc5 15.f5 Kd7
16.Rf1 Rac8 17.Rf3 Qe5 18.fxe6+ fxe6 19.Nd5 Bd8 20.Qf2 exd5 21.exd5 Bb7
22.Bf5+ Kc7 23.Re1 Qxd5 24.Be6 Qg5 25.Rg3 Qh6 26.Qa7 b4 27.Re4 d5 28.Bxd5 Qd2
29.Qxb7+ Kd6 {#r} 1-0

[Event "Ch England (team) 1998/99"]
[Site "masterchessopen.com England"]
[Round "2"]
[White "Nunn John D M (ENG)"]
[Black "Kopec Danny (USA)"]
[Result "1-0"]
[WhiteElo "2600"]
[BlackElo "2400"]

1.e4 c5 2.Nf3 d6 3.d4 cxd4 4.Nxd4 Nf6 5.Nc3 Nc6 6.Bg5 e6 7.Qd2 a6 8.O-O-O Bd7
9.f3 Nxd4 10.Qxd4 b5 11.f4 Be7 12.e5 dxe5 13.fxe5 Nd5 14.Bxe7 Nxe7 15.Bd3 Qc7
16.Ne4 Nf5 17.Qf2 Qxe5 18.g4 Nh6 19.Rhe1 Bc6 20.Bxb5 Qc7 21.Nd6+ {#r} 1-0

[Event "Bundesliga (2nd) East 1997/98"]
[Site "masterchessopen.com Germany"]
[Round "0"]
[White "Nisipeanu Liviu-Dieter (ROM)"]
[Black "Kraeussling Andreas (GER)"]
[Result "1-0"]
[WhiteElo "2575"]
[BlackElo "2266"]

1.e4 c5 2.Nf3 d6 3.d4 cxd4 4.Nxd4 Nf6 5.Nc3 Nc6 6.Bg5 e6 7.Qd2 a6 8.O-O-O Bd7
9.f4 b5 10.Qe3 Be7 11.e5 b4 12.exd6 bxc3 13.Qxc3 Bxd6 14.Nxc6 Qc7 15.Qd4 h6
16.Bxf6 Bxf4+ 17.Kb1 gxf6 18.Qxf6 Bxc6 19.Qxh8+ Ke7 20.Qd4 Be5 21.Qc5+ Ke8
22.Re1 Bg7 23.Bc4 Qb7 24.Bb3 a5 25.Rhf1 a4 26.Rxf7 Qxf7 27.Rxe6+ {#r} 1-0

[Event "Memorial J.Capablanca (b)"]
[Site "masterchessopen.com Habana (Cuba)"]
[Round "13"]
[White "Herrera Irisberto (ESP)"]
[Black "Abreu Aryam (CUB)"]
[Result "1-0"]
[WhiteElo "2425"]
[BlackElo "2420"]

1.e4 c5 2.Nf3 d6 3.d4 cxd4 4.Nxd4 Nf6 5.Nc3 Nc6 6.Bg5 e6 7.Qd2 a6 8.O-O-O Bd7
9.f4 b5 10.Bxf6 gxf6 11.Nxc6 Bxc6 12.Qe1 b4 13.Nd5 a5 14.Rd4 f5 15.Ne3 Qb6
16.Qd2 Bxe4 17.Nc4 Qc5 18.Be2 d5 19.Ne5 a4 20.Rc4 Qa7 21.Rxe4 Qb6 22.Re3 b3
23.a3 Bc5 24.Rg3 Rb8 25.c3 {#r} 1-0

[Event "Memorial J.Capablanca (c)"]
[Site "masterchessopen.com Habana (Cuba)"]
[Round "7"]
[White "De La Paz Frank (CUB)"]
[Black "Pupo Emilio (COL)"]
[Result "1-0"]
[WhiteElo "2470"]
[BlackElo "2365"]

1.e4 c5 2.Nf3 d6 3.d4 cxd4 4.Nxd4 Nf6 5.Nc3 Nc6 6.Bg5 e6 7.Qd2 a6 8.O-O-O Bd7
9.f3 Be7 10.g4 Rc8 11.Be3 h6 12.h4 Nxd4 13.Bxd4 e5 14.Be3 Be6 15.Nd5 Bxd5
16.exd5 Qc7 17.Kb1 Nd7 18.Bd3 Qd8 19.g5 h5 20.f4 exf4 21.Bd4 Ne5 22.Bf5 Nf3
23.Qxf4 Nxd4 24.Bxc8 Qxc8 25.Rxd4 O-O 26.Re4 Qd7 27.Rhe1 Bd8 28.Rf1 g6 29.a3
Kg7 30.Qe3 b5 31.Qc3+ {#r} 1-0

[Event "Cup Russia"]
[Site "masterchessopen.com Nizhnij Novgorod (Russia)"]
[Round "3"]
[White "Virovlansky Semen (RUS)"]
[Black "Kotov Viktor (RUS)"]
[Result "1-0"]
[WhiteElo "2380"]
[BlackElo "2374"]

1.e4 c5 2.Nf3 Nc6 3.d4 cxd4 4.Nxd4 Nf6 5.Nc3 d6 6.Bg5 e6 7.Qd2 a6 8.O-O-O Bd7
9.Nb3 b5 10.Bd3 h6 11.Bxf6 Qxf6 12.f4 Rc8 13.Kb1 g6 14.e5 Qe7 15.exd6 Qxd6
16.Ne4 Qe7 17.Bxb5 Rc7 18.Qc3 axb5 19.Qxh8 f5 20.Nd6+ Kd8 21.Nc5 Ra7 22.Rhe1
{#r} 1-0

[Event "Ch Poland (under 26)"]
[Site "masterchessopen.com Poland"]
[Round "0"]
[White "Delega Tomasz (POL)"]
[Black "Ehrenfeucht Wojciech (POL)"]
[Result "0-1"]
[WhiteElo "2182"]
[BlackElo "2335"]

1.e4 c5 2.Nf3 d6 3.d4 cxd4 4.Nxd4 Nf6 5.Nc3 Nc6 6.Bg5 e6 7.Qd2 a6 8.O-O-O Bd7
9.f3 Qc7 10.h4 Be7 11.Kb1 O-O-O 12.Be3 h5 13.Nxc6 Bxc6 14.Qd4 d5 15.Qa7 dxe4
16.Be2 exf3 17.Bxf3 Rxd1+ 18.Rxd1 Rd8 19.Rxd8+ Bxd8 20.a3 Bxf3 21.gxf3 Qc6
22.Bg5 Qxf3 23.Qc5+ Kd7 24.Qf8 Ne8 25.Ne4 Bxg5 26.Nc5+ Kc6 27.Qxe8+ Kxc5
28.hxg5 g6 29.Qa4 Qf1+ {#R} 0-1

[Event "It (open)"]
[Site "masterchessopen.com Polanica Zdroj (Poland)"]
[Round "0"]
[White "Heymann Ulrike (GER)"]
[Black "Kosiorek Marek (POL)"]
[Result "0-1"]
[WhiteElo "2115"]
[BlackElo "2360"]

1.e4 c5 2.Nf3 d6 3.d4 cxd4 4.Nxd4 Nf6 5.Nc3 Nc6 6.Bg5 e6 7.Qd2 a6 8.O-O-O Bd7
9.f4 b5 10.Nf3 b4 11.Bxf6 gxf6 12.Ne2 Rc8 13.Kb1 h5 14.Ned4 Qb6 15.f5 e5
16.Nb3 a5 17.Qd3 a4 18.Nbd2 Na5 19.Be2 Bh6 20.Nf1 Nc4 21.Ka1 a3 22.bxa3 Nxa3
23.Qxd6 Nxc2+ 24.Kb2 Bc1+ 25.Kb1 {#R} 0-1

[Event "Ch Slovakia"]
[Site "masterchessopen.com Prievidza (Slovakia)"]
[Round "8"]
[White "Hagarova Zuzana (SVK)"]
[Black "Rigo Zsolt (SVK)"]
[Result "1-0"]
[WhiteElo "2335"]
[BlackElo "2170"]

1.e4 c5 2.Nf3 Nc6 3.d4 cxd4 4.Nxd4 Nf6 5.Nc3 d6 6.Bg5 e6 7.Qd2 a6 8.O-O-O Bd7
9.f4 h6 10.Bh4 g5 11.fxg5 Ng4 12.Nf3 hxg5 13.Bg3 Nge5 14.Be2 Be7 15.Kb1 b5
16.Rdf1 b4 17.Nd1 a5 18.Ne3 Qc7 19.Nxe5 Nxe5 20.Ng4 Nxg4 21.Bxg4 Bb5 22.Qd4
Rh7 23.Rf2 Rd8 24.Qd1 Qb7 25.Bh5 Bf8 26.Qg4 Qe7 27.h4 Bh6 28.hxg5 Bxg5 29.Rxf7
Rxf7 30.Bxf7+ Qxf7 31.Qxg5 {#r} 1-0

[Event "Ch Pan-American (juniors) (under 18)"]
[Site "masterchessopen.com South America"]
[Round "7"]
[White "Coelho Luis (BRA)"]
[Black "Uribe Mauricio (COL)"]
[Result "0-1"]
[WhiteElo "2392"]
[BlackElo "2200"]

1.e4 c5 2.Nf3 Nc6 3.d4 cxd4 4.Nxd4 Nf6 5.Nc3 d6 6.Bg5 e6 7.Qd2 a6 8.O-O-O Bd7
9.f3 b5 10.Kb1 Rc8 11.g4 Be7 12.h4 h5 13.gxh5 Rxh5 14.Nce2 Nxe4 15.fxe4 Bxg5
16.Qd3 Bf6 17.Nxc6 Rxc6 18.Bg2 Rhc5 19.e5 Bxe5 20.Bxc6 Bxc6 21.Rh3 Rd5 {#R}
0-1